000 00435nam a2200133Ia 4500
008 170516s9999 xx 000 0 und d
245 _aPhotosensitive Fluorescent Dye Contributes to Phototoxicity and Inflammatory Responses of Dye-doped Silica Nanoparticles in Cells and Mice
260 _bTheranostics
260 _c2014
300 _a4:4
650 _xMedical Technology
650 _xMedtech
856 _uhttp://www.thno.org/v4i4
999 _c330627
_d330627